Zákon o obaloch

Pohľad na niektoré dôležité časti kontraverzného zákona o obaloch. Základné pojmy. Prevencia. Druhy obalov. Požiadavky na zloženie a vlastnosti obalov. Označovanie obalov. Zálohované obaly. Zber a zhodnocovanie odpadov z obalov. Register povinných osôb. Evidencia obalov. Orgány štátnej správy pre ob...

Full description

Saved in:
Bibliographic Details
Format: Book Chapter
Language:Slovak
Subjects:
Tags: Add Tag
No Tags, Be the first to tag this record!

MARC

LEADER 00000naa a2200000 4500
001 r046502
005 20231002114450.7
041 0 |a slo 
044 |a SK 
245 1 0 |a Zákon o obaloch 
520 |a Pohľad na niektoré dôležité časti kontraverzného zákona o obaloch. Základné pojmy. Prevencia. Druhy obalov. Požiadavky na zloženie a vlastnosti obalov. Označovanie obalov. Zálohované obaly. Zber a zhodnocovanie odpadov z obalov. Register povinných osôb. Evidencia obalov. Orgány štátnej správy pre obaly. Pokuty a ukladanie pokút. Štátny dozor pre obaly a odpady z obalov. 
610 2 0 |a obaly 
610 2 0 |a odpad 
610 2 0 |a zber surovín 
610 2 0 |a úpravy právne 
610 2 0 |a zákony